000 00414nam a22001577a 4500
005 20250729114525.0
008 250729b |||||||| |||| 00| 0 eng d
020 _a9780309147514
_qPBK
041 _aENG
082 _a507
_bTHE
245 _aResearch At The Intersection Of The Physical And Life Sciences
260 _b National Academies Press
650 _aPhysical
650 _aLifescience
942 _cREF
999 _c577892
_d577892